Shakespeare Plays in Chronological Order - Statistics

General Stats
  • This quiz has been taken 71 times
  • The average score is 16 of 38
Answer Stats
Hint Answer % Correct
1591 - 1592 Henry VI Part 1
83%
1590 - 1591 Henry VI Part 2
83%
1590 - 1591 Henry VI Part 3
83%
1592 - 1593 Richard III
83%
1594 - 1595 Romeo and Juliet
72%
1604 - 1605 Othello
61%
1600 - 1601 Hamlet
56%
1605 - 1606 Macbeth
56%
1592 - 1593 The Comedy of Errors
56%
1605 - 1606 King Lear
50%
1595 - 1596 Richard II
50%
1593 - 1594 Titus Andronicus
50%
1597 - 1598 Henry IV Part 1
44%
1597 - 1598 Henry IV Part 2
44%
1598 - 1599 Henry V
44%
1596 - 1597 King John
44%
1612 - 1613 Henry VIII
39%
1594 - 1595 Love’s Labour’s Lost
39%
1611 - 1612 The Tempest
39%
1599 - 1600 As You Like It
33%
1599 - 1600 Julius Caesar
33%
1593 - 1594 The Taming of the Shrew
33%
1594 - 1595 The Two Gentlemen of Verona
33%
1595 - 1596 A Midsummer Night’s Dream
28%
1606 - 1607 Antony and Cleopatra
28%
1607 - 1608 Coriolanus
28%
1604 - 1605 Measure for Measure
28%
1598 - 1599 Much Ado About Nothing
28%
1596 - 1597 The Merchant of Venice
28%
1600 - 1601 The Merry Wives of Windsor
28%
1607 - 1608 Timon of Athens
28%
1599 - 1600 Twelfth Night
28%
1601 - 1602 Troilus and Cressida
22%
1609 - 1610 Cymbeline
17%
1612 - 1613 The Two Noble Kinsmen
17%
1610 - 1611 The Winter’s Tale
17%
1608 - 1609 Pericles, Prince of Tyre
11%
1602 - 1603 All’s Well That Ends Well
6%
No matching quizzes found
Score Distribution
Percent of People with Each Score
Percentile by Number Answered
Your Score History
You have not taken this quiz